|
|
|
|
| LEADER |
01150pam a22002898a 4500 |
| 001 |
00026086 |
| 005 |
20171026081023.0 |
| 008 |
110813s2005 ||||||viesd |
| 020 |
|
|
|c 6500
|
| 041 |
0 |
# |
|a vie
|
| 082 |
1 |
4 |
|a 372.86
|b TH250D
|
| 245 |
0 |
0 |
|a Thể dục 4
|b Sách giáo viên
|c Trần Đồng Lâm (ch.b.)...[và nh. ng. khác]
|
| 260 |
# |
# |
|a H.
|b Giáo dục
|c 2005
|
| 300 |
# |
# |
|a 167 tr.
|b hình vẽ, bảng
|c 24 cm.
|
| 500 |
# |
# |
|a ĐTTS ghi: Bộ Giáo dục và Đào tạo
|
| 650 |
# |
4 |
|a Lớp 4
|
| 650 |
# |
4 |
|a Sách giáo viên
|
| 650 |
# |
4 |
|a Thể dục
|
| 700 |
1 |
# |
|a Trần Đồng Lâm
|e ch.b.
|
| 700 |
1 |
# |
|a Đặng Đức Thao
|
| 852 |
# |
# |
|b Kho mượn
|j KGT.0028848
|
| 852 |
# |
# |
|b Kho đọc
|j KD.0010822
|
| 852 |
# |
# |
|j KGT.0028848, KGT.0028849, KGT.0028850, KGT.0028851, KGT.0028852, KGT.0028853, KGT.0028854, KGT.0028855
|b Kho giáo trình
|
| 852 |
# |
# |
|j KGT.0028849
|j KGT.0028851
|j KGT.0028852
|j KGT.0028854
|j KGT.0028855
|j KD.0010822
|j KGT.0028848
|j KGT.0028850
|j KGT.0028853
|
| 910 |
|
|
|d 13/08/2011
|
| 980 |
# |
# |
|a Trung tâm Học liệu Lê Vũ Hùng, Trường Đại học Đồng Tháp
|